00587nam a2200157Ia 4500008004100000082001600041100002700057245005200084260004500136365000600181630005200187730005200239942000900291999001900300952011000319100415s9999 xx 000 0 und d b1016a574.9 aDUNCAN P. MARTIN [ED.] aCassel's natural history: 001016- Vol.I:- Vol.I aLONDONc0bCASSELL, PETTER, GALPIN & CO. b0 aCassel's natural history: 001016- Vol.I:- Vol.I aCassel's natural history: 001016- Vol.I:- Vol.I cBOOK c584075d584072 00104070aBNHSbBNHSd1996-06-28g0.00l0o574.9 1016pBNHS-1016r2010-04-15 00:00:00w2010-04-15yBOOK